[Event "Lippe Cup-C 08th"]
[Site "Lieme"]
[Date "2011.10.30"]
[Round "4"]
[White "Comes, Wolfgang"]
[Black "Mehsin, Mohammed"]
[Result "0-1"]
[WhiteElo "1308"]
[BlackElo "1460"]
[PlyCount "32"]
[EventDate "2011.10.28"]
[EventType "swiss"]
[EventRounds "5"]
[EventCountry "GER"]
[SourceTitle "EXT 2012"]
[Source "ChessBase"]
[SourceDate "2011.11.24"]
[SourceVersion "1"]
[SourceVersionDate "2011.11.24"]
[SourceQuality "1"]

1. e4 e5 2. Nf3 Nf6 3. d4 Nxe4 4. dxe5 d5 5. Be3 Bg4 6. Be2 Nc6 7. c3 Bxf3 8. gxf3 Nc5 9. Qd2 Nxe5 10. Bd4 Ng6 11. Qe3+ Ne6 12. Nd2 Be7 13. 0-0-0 Nxd4 14. Qxd4 Bf6 15. Qe3+ Qe7 16. Nb3 Bg5 0-1

[Event "Lippe Cup-C 08th"]
[Site "Lieme"]
[Date "2011.10.29"]
[Round "2"]
[White "Mehsin, Mohammed"]
[Black "Jakubek, Leander"]
[Result "1/2-1/2"]
[WhiteElo "1460"]
[BlackElo "1247"]
[PlyCount "83"]
[EventDate "2011.10.28"]
[EventType "swiss"]
[EventRounds "5"]
[EventCountry "GER"]
[SourceTitle "EXT 2012"]
[Source "ChessBase"]
[SourceDate "2011.11.24"]
[SourceVersion "1"]
[SourceVersionDate "2011.11.24"]
[SourceQuality "1"]

1. e4 c5 2. Nf3 d6 3. d4 cxd4 4. Nxd4 Nf6 5. Nc3 a6 6. Bc4 e6 7. 0-0 Be7 8. f4 b5 9. Bd3 Bb7 10. a3 Nbd7 11. Kh1 Qc7 12. Re1 Nc5 13. e5 Nxd3 14. cxd3 dxe5 15. fxe5 Nd7 16. Nf3 Qc6 17. Qe2 Rc8 18. d4 Nb6 19. Bg5 Bxa3 20. Rxa3 b4 21. Rb3 bxc3 22. Rxc3 Qa4 23. Rxc8+ Nxc8 24. Rc1 0-0 25. Qd3 Qb4 26. Bd2 Qb5 27. Qxb5 axb5 28. Bb4 Rd8 29. Rc7 Bd5 30. Ba5 Re8 31. Rc5 Bc4 32. Nd2 Bd3 33. Rc3 Be2 34. Re3 Bd1 35. Re1 Bc2 36. Rc1 Bd3 37. Rc3 Be2 38. Re3 Bd1 39. Ne4 Na7 40. Nc3 Bb3 41. Ne4 Bd5 42. Nd6 1/2-1/2

[Event "NRW-ch U12"]
[Site "Kranenburg"]
[Date "2009.04.18"]
[Round "7"]
[White "Mehsin, Mohammed"]
[Black "Rahimi, Vranakont"]
[Result "1-0"]
[WhiteElo "1413"]
[BlackElo "1074"]
[PlyCount "149"]
[EventDate "2009.04.13"]
[EventType "swiss"]
[EventRounds "7"]
[EventCountry "GER"]
[SourceTitle "EXT 2010"]
[Source "ChessBase"]
[SourceDate "2010.11.25"]
[SourceVersion "1"]
[SourceVersionDate "2010.11.25"]
[SourceQuality "1"]

1. e4 e6 2. d4 d5 3. e5 c5 4. c3 Nc6 5. Nf3 h6 6. Be3 cxd4 7. cxd4 Bb4+ 8. Nc3 Nge7 9. a3 Ba5 10. Bb5 a6 11. Ba4 Bd7 12. 0-0 0-0 13. Rc1 Rc8 14. Ne2 Qb6 15. b4 Bxb4 16. axb4 Qxb4 17. Qb3 Qxb3 18. Bxb3 Na5 19. Rb1 Nxb3 20. Rxb3 Bc6 21. Ra1 Ra8 22. Bd2 Rfc8 23. Nc3 a5 24. Na4 Bxa4 25. Rxa4 Rc7 26. h3 Nc6 27. Rb5 Rd7 28. Ra1 a4 29. Bb4 Ra6 30. Nd2 Nxd4 31. Ra5 Rxa5 32. Bxa5 b5 33. Rb1 Rb7 34. Bb4 Nc2 35. Bc5 a3 36. Rc1 b4 37. Rxc2 b3 38. Nxb3 Rxb3 39. Ra2 Rb5 40. Bxa3 d4 41. Rd2 Rd5 42. Rd3 f6 43. f4 Kf7 44. Bb2 fxe5 45. fxe5 Rxe5 46. Rxd4 Rg5 47. Rd7+ Kg8 48. Re7 Rg6 49. h4 Kf8 50. h5 Rg5 51. Rxe6 Rxh5 52. Rg6 Rh4 53. Rxg7 Rb4 54. Ba3 Kxg7 55. Bxb4 h5 56. Bd2 Kg6 57. Kh2 Kf6 58. Kh3 Kf5 59. Kh4 Kg6 60. g3 Kg7 61. Kxh5 Kh7 62. Kg5 Kg7 63. g4 Kh7 64. Kf6 Kg8 65. g5 Kh7 66. Kf7 Kh8 67. Bc3+ Kh7 68. g6+ Kh6 69. g7 Kg5 70. g8Q+ Kf4 71. Qe8 Kg5 72. Qc6 Kh5 73. Qg6+ Kh4 74. Be1+ Kh3 75. Qg3# 1-0

[Event "NRW-ch U12"]
[Site "Kranenburg"]
[Date "2009.04.16"]
[Round "6"]
[White "Weber, Jannis"]
[Black "Mehsin, Mohammed"]
[Result "0-1"]
[WhiteElo "793"]
[BlackElo "1413"]
[PlyCount "113"]
[EventDate "2009.04.13"]
[EventType "swiss"]
[EventRounds "7"]
[EventCountry "GER"]
[SourceTitle "EXT 2010"]
[Source "ChessBase"]
[SourceDate "2010.11.25"]
[SourceVersion "1"]
[SourceVersionDate "2010.11.25"]
[SourceQuality "1"]

1. d4 d5 2. c4 c6 3. Nc3 Nf6 4. Nf3 Bg4 5. e3 e6 6. c5 Be7 7. Be2 Nbd7 8. b4 0-0 9. Nd2 Bxe2 10. Qxe2 b6 11. Qa6 Qc8 12. Qxc8 Rfxc8 13. 0-0 a5 14. bxa5 bxc5 15. dxc5 Nxc5 16. Nb3 Nxb3 17. axb3 Bb4 18. Bd2 Rxa5 19. Rxa5 Bxa5 20. Nxd5 exd5 21. Bxa5 Ra8 22. Bc3 Ne4 23. Ra1 Rxa1+ 24. Bxa1 c5 25. b4 cxb4 26. f3 Nd2 27. Kf2 b3 28. Ke2 Nc4 29. e4 dxe4 30. fxe4 b2 31. Bxb2 Nxb2 32. Ke3 Nc4+ 33. Kf4 Kf8 34. g4 f6 35. h4 Kf7 36. h5 h6 37. Kf5 Nd6+ 38. Kf4 Ke6 39. Kf3 Ke5 40. Ke3 Nxe4 41. Kf3 f5 42. gxf5 Kxf5 43. Ke3 Nf6 44. Kf3 Nxh5 45. Kg2 Kg4 46. Kg1 Kg3 47. Kh1 g5 48. Kg1 g4 49. Kh1 Kf2 50. Kh2 g3+ 51. Kh3 Nf4+ 52. Kg4 Ne2 53. Kh5 g2 54. Kg6 g1Q+ 55. Kf5 h5 56. Ke5 h4 57. Kd5 0-1

[Event "NRW-ch U12"]
[Site "Kranenburg"]
[Date "2009.04.15"]
[Round "4"]
[White "De Cauter, Noah Janosch"]
[Black "Mehsin, Mohammed"]
[Result "1-0"]
[WhiteElo "1123"]
[BlackElo "1413"]
[PlyCount "81"]
[EventDate "2009.04.13"]
[EventType "swiss"]
[EventRounds "7"]
[EventCountry "GER"]
[SourceTitle "EXT 2010"]
[Source "ChessBase"]
[SourceDate "2010.11.25"]
[SourceVersion "1"]
[SourceVersionDate "2010.11.25"]
[SourceQuality "1"]

1. e4 e5 2. Nf3 Nf6 3. Nxe5 d6 4. Nf3 Nxe4 5. Nc3 Nf6 6. d4 d5 7. Bf4 Bb4 8. Qd2 0-0 9. Bd3 Re8+ 10. Ne5 Nc6 11. a3 Ba5 12. Bb5 Bd7 13. Bxc6 Bxc6 14. 0-0-0 Ne4 15. Qe3 Nxc3 16. bxc3 Qf6 17. Bg5 Qd6 18. c4 f6 19. c5 Qf8 20. Bf4 fxe5 21. Bxe5 Qf5 22. Qg3 Qg6 23. Qxg6 hxg6 24. Rd3 Rf8 25. f4 Bd7 26. Rg3 Kh7 27. h4 Bf5 28. h5 Kg8 29. hxg6 Rae8 30. Rg5 Re6 31. Rh7 Rxe5 32. dxe5 Bxg6 33. Rh4 Be8 34. Rhg4 Rf7 35. f5 Kf8 36. e6 Re7 37. f6 Rxe6 38. fxg7+ Kg8 39. Rh4 Bh5 40. Rhxh5 Re1+ 41. Kb2 1-0

[Event "NRW-ch U12"]
[Site "Kranenburg"]
[Date "2008.03.29"]
[Round "7"]
[White "Glatzel, Jonas"]
[Black "Mehsin, Mohammed"]
[Result "1/2-1/2"]
[WhiteElo "1347"]
[BlackElo "1242"]
[PlyCount "69"]
[EventDate "2008.03.24"]
[EventType "swiss"]
[EventRounds "7"]
[EventCountry "GER"]
[SourceTitle "EXT 2009"]
[Source "ChessBase"]
[SourceDate "2008.11.26"]
[SourceVersion "1"]
[SourceVersionDate "2008.11.26"]
[SourceQuality "1"]

1. e4 e5 2. Nf3 Nf6 3. Nc3 Nc6 4. Bc4 Bb4 5. d3 0-0 6. 0-0 d6 7. Bg5 Bxc3 8. bxc3 Bg4 9. Rb1 Rb8 10. h3 Bh5 11. Re1 h6 12. Bh4 Re8 13. Re3 Na5 14. Bb3 Nxb3 15. cxb3 Re6 16. Qc2 Qd7 17. Nd2 d5 18. b4 Rd8 19. exd5 Nxd5 20. Rg3 g5 21. Nb3 b6 22. Bxg5 hxg5 23. Rxg5+ Bg6 24. h4 Nf4 25. Rd1 Kf8 26. Kh2 Qb5 27. Nd4 Rxd4 28. cxd4 f6 29. Rg3 c6 30. Qb3 Kf7 31. a4 Qd5 32. Qxd5 cxd5 33. dxe5 Rxe5 34. Rc1 Re7 35. Rd1 1/2-1/2

[Event "NRW-ch U12"]
[Site "Kranenburg"]
[Date "2008.03.28"]
[Round "6"]
[White "Mehsin, Mohammed"]
[Black "Golosnyak, Alexander"]
[Result "0-1"]
[WhiteElo "1242"]
[BlackElo "1398"]
[PlyCount "124"]
[EventDate "2008.03.24"]
[EventType "swiss"]
[EventRounds "7"]
[EventCountry "GER"]
[SourceTitle "EXT 2009"]
[Source "ChessBase"]
[SourceDate "2008.11.26"]
[SourceVersion "1"]
[SourceVersionDate "2008.11.26"]
[SourceQuality "1"]

1. d4 d5 2. Nc3 e6 3. Nf3 Nf6 4. Bf4 Nbd7 5. Nb5 Bb4+ 6. c3 Ba5 7. e3 a6 8. Na3 0-0 9. Bd3 c6 10. 0-0 Qe7 11. c4 Bb4 12. c5 Bxa3 13. Bd6 Qd8 14. Bxf8 Bxb2 15. Rb1 Bxd4 16. exd4 Qxf8 17. Re1 Qd8 18. Ne5 Nxe5 19. dxe5 Nd7 20. Qc2 h6 21. Qc3 Rb8 22. Re3 b6 23. cxb6 Rxb6 24. Rxb6 Qxb6 25. Rg3 a5 26. Bc2 Ba6 27. Qb3 Qxb3 28. Rxb3 g6 29. f4 c5 30. Ra3 d4 31. Rxa5 d3 32. Bd1 Bc4 33. a4 Bd5 34. Kf2 c4 35. g3 c3 36. Ke3 c2 37. Bxc2 dxc2 38. Kd2 Bb3 39. Rb5 Bxa4 40. Rb4 Nc5 41. Rc4 c1Q+ 42. Kxc1 Nd3+ 43. Kb1 Bb5 44. Rc8+ Kg7 45. Rb8 Bc4 46. Rc8 Bd5 47. Rc3 h5 48. Ka1 Nf2 49. Rc2 Ng4 50. h3 Ne3 51. Re2 Nf5 52. g4 hxg4 53. hxg4 Bf3 54. Rf2 Bxg4 55. Kb2 f6 56. Kc3 fxe5 57. fxe5 Bh5 58. Kc4 g5 59. Kc5 g4 60. Rh2 Kg6 61. Kc6 g3 62. Rh1 Bf3+ 0-1

[Event "NRW-ch U12"]
[Site "Kranenburg"]
[Date "2008.03.25"]
[Round "2"]
[White "Mehsin, Mohammed"]
[Black "Schaller, Fabian"]
[Result "0-1"]
[WhiteElo "1242"]
[BlackElo "1038"]
[PlyCount "86"]
[EventDate "2008.03.24"]
[EventType "swiss"]
[EventRounds "7"]
[EventCountry "GER"]
[SourceTitle "EXT 2009"]
[Source "ChessBase"]
[SourceDate "2008.11.26"]
[SourceVersion "1"]
[SourceVersionDate "2008.11.26"]
[SourceQuality "1"]

1. d4 Nf6 2. Nc3 d5 3. Nf3 Bf5 4. Bf4 e6 5. e3 Bd6 6. Ne5 Nfd7 7. Bd3 Bxd3 8. cxd3 Nxe5 9. dxe5 Bb4 10. Qb3 Bxc3+ 11. bxc3 b6 12. 0-0 Qd7 13. Rfe1 Nc6 14. c4 d4 15. Qb5 dxe3 16. Rxe3 Nd4 17. Qxd7+ Kxd7 18. Rc1 Ke7 19. c5 Rab8 20. h3 Rhc8 21. Re4 Nc6 22. Rec4 Kd7 23. a4 a6 24. cxb6 cxb6 25. R4c2 Nd4 26. Rxc8 Rxc8 27. Rxc8 Kxc8 28. Be3 Ne2+ 29. Kf1 Nc3 30. Bxb6 Nxa4 31. Ba5 Kb7 32. Ke2 Kc6 33. d4 Kd5 34. Kd3 Nb2+ 35. Kc3 Nd1+ 36. Kd2 Nxf2 37. Ke3 Nd1+ 38. Kd2 Nb2 39. Kc2 Nc4 40. Bc3 Ne3+ 41. Kb3 Nxg2 42. Ka4 Nf4 43. Ka5 Ne2 0-1